| 000 | 00661nam a2200229Ia 4500 | ||
|---|---|---|---|
| 008 | 140626s9999 xx 000 0 und d | ||
| 100 | _aChu, Junhong.. | ||
| 245 | 3 |
_aAn empirical test of warranty theories in the US computer server and automobile markets / _cJunhong Chu ... [et al.]. |
|
| 260 | _cc2011. | ||
| 300 | _a75 : 2, page 75 | ||
| 440 | _aJournal of Marketing | ||
| 521 | _aBSBA | ||
| 650 | _a erver market. | ||
| 650 | _aAutomobile market. | ||
| 650 | _aIncentives. | ||
| 650 | _aInsurance. | ||
| 650 | _aSecond-degree price discrimination. | ||
| 650 | _aSignaling. | ||
| 650 | _aSorting. | ||
| 650 | _aWarranties. | ||
| 942 | _cSE | ||
| 999 |
_c121096 _d121096 |
||